000 00824nam a2200229 a 4500
001 47499
003 BD-RjUL
005 20211209054329.0
008 160809s2010 bg ||||| |||| 00| 0 ben d
020 _a9847000000965
_c: Tk. 350.00
035 _a(BD-RjUL)47618
040 _aBD-RjUL
_bben
_cBD-RjUL
041 _aben
082 _223
_a891.44092
_bBAI 2010
100 1 _aবালা, অমৃতলাল
_9144423
245 1 0 _aঈশ্বরচন্দ্র গুপ্ত /
260 _aঢাকা :
_bজাতীয় সাহিত্য প্রকাশ,
_c২০১০
300 _a৩৯৮ পৃ. ;
_c২০ সেমি.
600 _aঈশ্বরচন্দ্র গুপ্ত
_d(১৮১২-১৮৫৯)
_9144424
650 _aAuthr, Bengali
_vBiography
_9144425
942 _2ddc
_cBK
_01
999 _c47499
_d47499